Reflections of Eden : my life with the Orangutans of Borneo

Bibliographic Details
Main Author: GALDIKAS
Format: Book
Published: London : Victor Gollancz , 1995
Subjects:

MARC

LEADER 00000cam a2200000 7i4500
001 0000002233
005 20030401.0
020 0 0 |a 0575059869 
090 0 0 |a 639.9798842092   |b GAL 1995 
100 1 0 |a GALDIKAS   |h Birute Marija Filomena 
245 1 0 |a Reflections of Eden :   |b my life with the Orangutans of Borneo   |c Birute' M.F. Galdikas 
260 0 0 |a London :   |b Victor Gollancz ,   |c 1995 
300 |a 408 p. :   |b ill. ;   |c 24 cm. 
650 0 0 |a Apes   |z Borneo 
650 0 0 |a Orangutan   |x Behaviour   |x Research   |z Borneo 
650 0 0 |a Primatologists   |x Biography 
650 0 0 |a Women primatologists   |x Biography 
998 |a JPSM 
999 |a 0000003732   |b Monograph   |c Open Shelf   |e Default branch